000 00622nam a2200217Ii 4500
001 13275
003 CO-ViMGA
008 241108s9999||||xx |||||||||||||| ||und||
020 _a958270019x
040 _aCO-ViMGA
_bspa
_erda
_cCO-ViMGA
041 0 _aspa
082 0 4 _aF.FC 852.91 - F63m
100 1 _aDario Fo
_945963
245 1 0 _aMuerte accidental de un anarquista \ Dario Fo
264 1 _aBogotá, Colombia : Arango, 1997
300 _avolumen
336 _atext
_btxt
_2rdacontent
337 _aunmediated
_bn
_2rdamedia
338 _avolume
_bnc
_2rdacarrier
940 _aidficha_siabuc: 12977. -- ficha_no_siabuc:13275
999 _c40504
_d40504